banner-ar

الرحالة العرب والاجانب \ ابن ماجد اسد البحر العربى-ابن بطوطة رحلة الخمسة والعشرين عاما- البيرونى العالم الرحال - الادريسى والكرة المجسمة -ماركو بولو مكتشف الطريق الى الصين-كريستوفركولمبس-كارتيي مكتشف امريكا الشمالية-ستانلى مكتشف نهر الكنغو-بيرى مكتشف القطب الشمالى-دريك يطوف حول العالم- تاسمان مكتشف نيوزلندا-كوك مكتشف استراليا-اولارنا مكتشف نهر الامازون-جون سبيك مكتشف منابع النيل-فاسكودى جاما مكتشف طريق راس الرجاء الصالح / (Record no. 44575)

MARC details
000 -الفاتح
حقل البيانات ثابتة الطول 01645nam a2200277Ia 4500
008 - عناصر البيانات ثابتة الطول - معلومات عامة
حقل البيانات ثابتة الطول 140319s9999 xx 000 0 ara d
040 ## - مصدر الفهرسة
وكالة الفهرسة الأصلية GCL /
وكالة النسخ GCL
082 04 - رقم تصنيف ديوى العشرى
رقم التصنيف ط
رقم المادة 910.92
-- س ر
100 1# - المدخل الرئيسى - إسم شخصى
الإسم الشخصى محمد قطب
245 10 - بيان العنوان
العنوان الرحالة العرب والاجانب \ ابن ماجد اسد البحر العربى-ابن بطوطة رحلة الخمسة والعشرين عاما- البيرونى العالم الرحال - الادريسى والكرة المجسمة -ماركو بولو مكتشف الطريق الى الصين-كريستوفركولمبس-كارتيي مكتشف امريكا الشمالية-ستانلى مكتشف نهر الكنغو-بيرى مكتشف القطب الشمالى-دريك يطوف حول العالم- تاسمان مكتشف نيوزلندا-كوك مكتشف استراليا-اولارنا مكتشف نهر الامازون-جون سبيك مكتشف منابع النيل-فاسكودى جاما مكتشف طريق راس الرجاء الصالح /
بيان المسئوليه,etc محمد قطب
700 1# - المدخل الاضافى - اسم شخصى
الإسم الشخصى سامى البجيرمى
300 ## - الوصف المادى
التعداد متعدد ؛
أبعاد الوعاء 24 سم
490 ## - بيان السلسلة
عنوان السلسلة الرحالة العرب والاجانب
رقم المجلد/ التعيين التسلسلي 0
650 04 - المدخل الاضافى بالموضوع-مصطلح موضوعى
مصطلح موضوعي المكتشفون
650 04 - المدخل الاضافى بالموضوع-مصطلح موضوعى
مصطلح موضوعي ابن بطوطة
650 04 - المدخل الاضافى بالموضوع-مصطلح موضوعى
مصطلح موضوعي الادريسى
650 04 - المدخل الاضافى بالموضوع-مصطلح موضوعى
مصطلح موضوعي ابن ماجد
650 04 - المدخل الاضافى بالموضوع-مصطلح موضوعى
مصطلح موضوعي فاسكو داجاما
650 04 - المدخل الاضافى بالموضوع-مصطلح موضوعى
مصطلح موضوعي الكشوف الجغرافية
650 04 - المدخل الاضافى بالموضوع-مصطلح موضوعى
مصطلح موضوعي البيرونى , ابوالريحان محمد
650 04 - المدخل الاضافى بالموضوع-مصطلح موضوعى
مصطلح موضوعي كولمبس , كرستوفر
650 04 - المدخل الاضافى بالموضوع-مصطلح موضوعى
مصطلح موضوعي كابتن كوك
942 ## - عناصر المدخل الإضافي( كوها)
مصدر التصنيف او مخطط الترفيف Dewey Decimal Classification
Koha [default] item type كتاب
260 ## - PUBLICATION, DISTRIBUTION, ETC. (IMPRINT)
-- القاهرة :
-- الدار المصرية اللبنانية
Holdings
حالة التراجع حالة الفقد حالة تلف ليس للاعارة المكان المؤقت الموقع الحالى تاريخ الاكتساب اجمالي اﻻعارات رقم الطلب الباركود تاريخ اخر مشاهدة تاريخ تفعيل السعر نوع وعاء كوها
        مكتبة القاهرة الكبرى مكتبة القاهرة الكبرى 03/26/2014   ط\910.92\س ر 108787 03/26/2014 03/26/2014 كتاب
        مكتبة القاهرة الكبرى مكتبة القاهرة الكبرى 03/26/2014   ط\910.92\س ر 108788 03/26/2014 03/26/2014 كتاب
        مكتبة القاهرة الكبرى مكتبة القاهرة الكبرى 03/26/2014   ط\910.92\س ر 108789 03/26/2014 03/26/2014 كتاب
        مكتبة القاهرة الكبرى مكتبة القاهرة الكبرى 03/26/2014   ط\910.92\س ر 108790 03/26/2014 03/26/2014 كتاب
        مكتبة القاهرة الكبرى مكتبة القاهرة الكبرى 03/26/2014   ط\910.92\س ر 108791 03/26/2014 03/26/2014 كتاب
        مكتبة القاهرة الكبرى مكتبة القاهرة الكبرى 03/26/2014   ط\910.92\س ر 108792 03/26/2014 03/26/2014 كتاب
        مكتبة القاهرة الكبرى مكتبة القاهرة الكبرى 03/26/2014   ط\910.92\س ر 108793 03/26/2014 03/26/2014 كتاب

Powered By

EGPV